New Frontiers in Education (Record no. 110508)

MARC details
000 -LEADER
fixed length control field 00438nam a2200157Ia 4500
003 - CONTROL NUMBER IDENTIFIER
control field OSt
005 - DATE AND TIME OF LATEST TRANSACTION
control field 20220201103546.0
008 - FIXED-LENGTH DATA ELEMENTS--GENERAL INFORMATION
fixed length control field 211119s9999||||xx |||||||||||||| ||und||
040 ## - CATALOGING SOURCE
Transcribing agency sbcl
082 ## - DEWEY DECIMAL CLASSIFICATION NUMBER
Classification number 370.05
Item number JAC-N
100 ## - MAIN ENTRY--PERSONAL NAME
Personal name Jacob, Mani
245 #0 - TITLE STATEMENT
Title New Frontiers in Education
260 ## - PUBLICATION, DISTRIBUTION, ETC.
Name of publisher, distributor, etc. New Frontiers in Education
Place of publication, distribution, etc. New Delhi
Date of publication, distribution, etc. 1993
650 ## - SUBJECT ADDED ENTRY--TOPICAL TERM
Topical term or geographic name entry element Social Sciences
942 ## - ADDED ENTRY ELEMENTS (KOHA)
Koha item type BOOK
650 ## - SUBJECT ADDED ENTRY--TOPICAL TERM
Form subdivision Education
General subdivision Generalia
Source of heading or term Post Graduate Reference
Holdings
Withdrawn status Lost status Damaged status Not for loan Home library Current library Date acquired Cost, normal purchase price Total Checkouts Full call number Barcode Shelving location Date last seen Price effective from Koha item type
        SB LIBRARY SB LIBRARY 19/11/2021 300.00   370.05 JAC-N 00123947 POST GRADUATE REFERENCE 19/11/2021 19/11/2021 BOOK

Powered by Koha